00474nam a2200157Ia 4500100002100000650001600021942000700037366000700044245004000051260003400091082001300125300000800138546001200146999001700158952014100175 aCollins/Peter J  aMathematics cBK f20 aDifferential and integral equations bOxford university pressc2006 a515bCOL a372 aENGLISH c20185d20185 001040708CRCaCRCEbCRCEd2023-03-17eAne Books Indiag636.00i5 dt 29/04/2009l0o515 COLp19674r2023-03-17v795.00w0000-00-00yBK